New trends in HF and VHF antennas / (Record no. 182579)
[ view plain ]
| 000 -LEADER | |
|---|---|
| fixed length control field | 00497 a2200169 4500 |
| 003 - CONTROL NUMBER IDENTIFIER | |
| control field | Nust |
| 005 - DATE AND TIME OF LATEST TRANSACTION | |
| control field | 20251015122351.0 |
| 040 ## - CATALOGING SOURCE | |
| Transcribing agency | Nust |
| 082 ## - DEWEY DECIMAL CLASSIFICATION NUMBER | |
| Classification number | 621.382 |
| 100 ## - MAIN ENTRY--PERSONAL NAME | |
| Personal name | Khan , Yar Haider Major (TE-18) |
| 9 (RLIN) | 131141 |
| 245 ## - TITLE STATEMENT | |
| Title | New trends in HF and VHF antennas / |
| Statement of responsibility, etc. | Maj Haider Yar Khan, Capt Hamid Mahmud, Aslam Sheikh, Capt Mohsin Amir and Capt Zafar Iqbal |
| 260 ## - PUBLICATION, DISTRIBUTION, ETC. | |
| Place of publication, distribution, etc. | UET, Lahore |
| Name of publisher, distributor, etc. | MCS |
| Date of publication, distribution, etc. | 1986 |
| 300 ## - PHYSICAL DESCRIPTION | |
| Extent | 39p |
| 650 ## - SUBJECT ADDED ENTRY--TOPICAL TERM | |
| Topical term or geographic name entry element | UG Projects |
| 9 (RLIN) | 98716 |
| 651 ## - SUBJECT ADDED ENTRY--GEOGRAPHIC NAME | |
| Geographic name | TE-18 |
| 9 (RLIN) | 131136 |
| 942 ## - ADDED ENTRY ELEMENTS (KOHA) | |
| Koha item type | Project Report |
| Source of classification or shelving scheme | |
| Withdrawn status | Lost status | Source of classification or shelving scheme | Damaged status | Not for loan | Permanent Location | Current Location | Shelving location | Date acquired | Full call number | Barcode | Date last seen | Price effective from | Koha item type | Public note | Total Checkouts |
|---|---|---|---|---|---|---|---|---|---|---|---|---|---|---|---|
| Military College of Signals (MCS) | Military College of Signals (MCS) | Reference | 12/12/2016 | 621.382,KHA | MCSPTE-30 | 12/08/2016 | 12/12/2016 | Project Report | Almirah No.90, Shelf No.1 | ||||||
| Military College of Signals (MCS) | Military College of Signals (MCS) | Reference | 10/16/2025 | 621.382,KHA | MCSPTE-65 | 10/16/2025 | 10/16/2025 | Project Report | Almirah No.90, Shelf No.1 |
